50 Random Doctor Who Episodes - Statistics

General Stats
  • This quiz has been taken 87 times
    53 since last reset
  • The average score is 39 of 50
Answer Stats
Hint Answer % Correct
Season 6Episode 7 A Good Man Goes to War
100%
Season 7Episode 1 Asylum of the Daleks
100%
Season 9Episode 4 Before the Flood
100%
Season 1Episode 11 Boom Town
100%
Season 8Episode 12 Death in Heaven
100%
Season 8Episode 1 Deep Breath
100%
Season 11Episode 6 Demons of the Punjab
100%
Season 3Episode 3 Gridlock
100%
Season 8Episode 2 Into the Dalek
100%
Season 4Episode 13 Journey's End
100%
Season 4Episode 10 Midnight
100%
Season 2Episode 1 New Earth
100%
Season 1 Episode 1 Rose
100%
Season 3Episode 1 Smith and Jones
100%
Season 4Episode 2 The Fires of Pompeii
100%
60th AnniversarySpecial 3 The Giggle
100%
Season 2Episode 8 The Impossible Planet
100%
Season 5Episode 12 The Pandorica Opens
100%
2016Christmas Special The Return of Doctor Mysterio
100%
Season 3Episode 2 The Shakespeare Code
100%
Season 4Episode 7 The Unicorn and the Wasp
100%
Season 1Episode 3 The Unquiet Dead
100%
2009Autumn Special The Waters of Mars
100%
Season 6Episode 13 The Wedding of River Song
100%
Season 9Episode 7 The Zygon Invasion
100%
Season 2Episode 2 Tooth and Claw
100%
2007Christmas Special Voyage of the Damned
100%
Season 4Episode 9 Forest of the Dead
91%
Season 1Episode 13 The Parting of the Ways
91%
Season 10Episode 1 The Pilot
91%
Season 4Episode 4 The Sontaran Stratagem
91%
Season 1Episode 4 Aliens of London
90%
Season 6Episode 12 Closing Time
90%
Season 3Episode 8 Human Nature
90%
Season 4Episode 1 Partners in Crime
90%
Season 5Episode 13 The Big Bang
90%
Season 1Episode 9 The Empty Child
90%
Season 9Episode 8 The Zygon Inversion
90%
Season 3Episode 11 Utopia
90%
60th AnniversarySpecial 2 Wild Blue Yonder
90%
Season 9Episode 10 Face the Raven
89%
Season 1Episode 8 Father's Day
89%
Season 9Episode 12 Hell Bent
89%
Season 7Episode 9 Hide
89%
Season 8Episode 4 Listen
89%
Season 2Episode 10 Love & Monsters
89%
Season 7Episode 6 The Bells of Saint John
89%
Season 10Episode 10 The Eaters of Light
89%
Season 2Episode 4 The Girl in the Fireplace
89%
Season 1Episode 7 The Long Game
89%
Season 12Episode 10 The Timeless Children
89%
Season 5Episode 10 Vincent and the Doctor
89%
Season 1Episode 5 World War Three
89%
Season 2Episode 13 Doomsday
88%
Season 10Episode 4 Knock Knock
88%
Season 2Episode 5 Rise of the Cybermen
88%
Season 2Episode 3 School Reunion
88%
Season 1Episode 2 The End of the World
88%
Season 6Episode 10 The Girl Who Waited
88%
Season 6Episode 5 The Rebel Flesh
88%
2013Christmas Special The Time of the Doctor
88%
Season 2Episode 11 Fear Her
86%
Season 8Episode 10 In the Forest of the Night
86%
Season 7Episode 12 Nightmare in Silver
86%
Season 7Episode 5 The Angels Take Manhattan
86%
2023Christmas Special The Church on Ruby Road
86%
Season 5Episode 1 The Eleventh Hour
86%
Season 9Episode 1 The Magician's Apprentice
86%
Season 7Episode 7 The Rings of Akhaten
86%
2006Christmas Special The Runaway Bride
86%
60th Anniversary
Special 1
The Star Beast
86%
Season 10Episode 3 Thin Ice
86%
Season 3Episode 10 Blink
83%
Season 7Episode 8 Cold War
83%
Season 10Episode 6 Extremis
83%
Season 4Episode 8 Silence in the Library
83%
Season 10Episode 7 The Pyramid at the End of the World
83%
Season 4Episode 11 Turn Left
83%
Season 3Episode 7 42
82%
Season 9Episode 11 Heaven Sent
82%
Season 9Episode 9 Sleep No More
82%
Season 12Episode 9 Ascension of the Cybermen
80%
Season 7Episode 2 Dinosaurs on a Spaceship
80%
Season 10Episode 9 Empress of Mars
80%
Season 8Episode 9 Flatline
80%
Season 7Episode 4 The Power of Three
80%
Season 5Episode 7 Amy's Choice
78%
Season 7Episode 3 A Town Called Mercy
78%
2022Easter Special Legend of the Sea Devils
78%
Season 6Episode 9 Night Terrors
78%
Season 7Episode 11 The Crimson Horror
78%
Season 4Episode 6 The Doctor's Daughter
78%
Season 12Episode 8 The Haunting of Villa Diodati
78%
Season 5Episode 8 The Hungry Earth
78%
2015Christmas Special The Husbands of River Song
78%
Season 3Episode 12 The Sound of Drums
78%
FluxChapter 6 The Vanquishers
78%
2017Christmas Special Twice Upon a Time
78%
Season 10Episode 2 Smile
77%
2010Christmas Special A Christmas Carol
75%
Season 12Episode 7 Can You Hear Me?
75%
Season 1Episode 6 Dalek
75%
Season 3Episode 5 Evolution of the Daleks
75%
Season 7Episode 10 Journey to the Centre of the TARDIS
75%
Season 3Episode 13 Last of the Time Lords
75%
Season 8Episode 8 Mummy on the Orient Express
75%
2009Easter Special Planet of the Dead
75%
50th AnniversarySpecial The Day of the Doctor
75%
Season 3Episode 6 The Lazarus Experiment
75%
Season 7Episode 13 The Name of the Doctor
75%
Season 2Episode 9 The Satan Pit
75%
Season 11Episode 8 The Witchfinders
75%
Season 10Episode 11 World Enough and Time
75%
Season 6Episode 2 Day of the Moon
73%
Season 12Episode 2 Spyfall(Part 2)
73%
Season 6Episode 6 The Almost People
73%
Season 9Episode 6 The Woman Who Lived
73%
Season 3Episode 4 Daleks in Manhattan
71%
2022New Year Special Eve of the Daleks
71%
2005Christmas Special The Christmas Invasion
71%
Season 3Episode 9 The Family of Blood
71%
Season 11Episode 2 The Ghost Monument
71%
Season 2Episode 7 The Idiot's Lantern
71%
Season 10Episode 8 The Lie of the Land
71%
Season 11Episode 1 The Woman Who Fell to Earth
71%
Season 11Episode 9 It Takes You Away
70%
Season 10Episode 5 Oxygen
70%
Season 12Episode 6 Praxeus
70%
2019New Year Special Resolution
70%
Season 6Episode 4 The Doctor's Wife
70%
Season 5Episode 6 The Vampires of Venice
70%
Season 9Episode 2 The Witch's Familiar
70%
Season 5Episode 9 Cold Blood
69%
Season 2Episode 12 Army of Ghosts
67%
Season 1Episode 12 Bad Wolf
67%
Season 5Episode 5 Flesh and Stone
67%
Season 11Episode 7 Kerblam!
67%
Season 8Episode 7 Kill The Moon
67%
Season 4Episode 3 Planet of the Ood
67%
Season 8Episode 3 Robot of Sherwood
67%
Season 12Episode 1 Spyfall(Part 1)
67%
Season 8Episode 6 The Caretaker
67%
Season 1Episode 10 The Doctor Dances
67%
Season 5Episode 11 The Lodger
67%
Season 4Episode 12 The Stolen Earth
67%
Season 12Episode 4 Nikola Tesla's Night of Terror
64%
FluxChapter 2 War of the Sontarans
64%
2014Christmas Special Last Christmas
63%
Season 6Episode 8 Let's Kill Hitler
63%
2011Christmas Special The Doctor, the Widow and the Wardrobe
63%
FluxChapter 1 The Halloween Apocalypse
63%
Season 6Episode 1 The Impossible Astronaut
63%
FluxChapter 3 Once, Upon Time
62%
Season 5Episode 3 Victory of the Daleks
62%
Season 2Episode 6 The Age of Steel
60%
Season 5Episode 2 The Beast Below
60%
Season 9Episode 5 The Girl Who Died
60%
Season 5Episode 4 The Time of Angels
60%
Season 12Episode 3 Orphan 55
58%
Season 1/14Episode 2 The Devil's Chord
58%
Season 11Episode 10 The Battle of Ranskoor Av Kolos
57%
Season 6Episode 3 The Curse of the Black Spot
57%
Season 12Episode 5 Fugitive of the Judoon
56%
FluxChapter 4 Village of the Angels
56%
2012Christmas Special The Snowmen
55%
Season 11Episode 3 Rosa
50%
2009Christmas Special The End of Time(Part 1)
50%
2010New Year Special The End of Time(Part 2)
50%
2008Christmas Special The Next Doctor
50%
Season 4Episode 5 The Poison Sky
50%
Season 8Episode 5 Time Heist
50%
FluxChapter 5 Survivors of the Flux
45%
2021New Year Special Revolution of the Daleks
44%
Season 9Episode 3 Under the Lake
44%
Season 11Episode 4 Arachnids in the UK
43%
Season 10Episode 12 The Doctor Falls
43%
Season 6Episode 11 The God Complex
43%
Centenary Special The Power of the Doctor
40%
Season 8Episode 11 Dark Water
38%
Season 11Episode 5 The Tsuranga Conundrum
29%
No matching quizzes found
Score Distribution
Percent of People with Each Score
Percentile by Number Answered
Your Score History
You have not taken this quiz since the last reset